Nepomohli nové tváre komentár z futbalových ihrísk

Bibliographic Details
Format: Article
Language:Slovak
Subjects:

MARC

LEADER 00000nab a2200000 a 4500
001 vtls009141385
003 SK-MaSNL
005 20260303064106.0
008 171110 2007 xo w n 000 0 slo
038 |a SLLK 
040 |a SLLK  |b slo  |c sllk  |e AACR2 
041 0 |a slo 
044 |a xo  |c SK 
080 |a 796.332  |2 1997 
245 0 0 |a Nepomohli nové tváre  |b komentár z futbalových ihrísk  |c [autor] (J.S.) 
610 2 7 |a Mestský futbalový klub Stará Ľubovňa  |2 snkbucl  |9 1031864 
648 7 |a 2007  |2 snkbucl  |9 313226 
650 0 7 |a šport  |2 snkbucl  |9 1042 
650 0 7 |a futbal  |x I. liga  |x muži  |y sezóna 2007/2008  |2 snkbucl  |9 1032663 
651 7 |a Lučenec (Slovensko)  |2 snkbucl  |9 29545 
651 7 |a Stará Ľubovňa (Slovensko)  |2 snkbucl  |9 19193 
773 0 |t Ľubovnianske noviny  |g Roč. XXXIII, č. 36 (2007), s. 3 
852 |a SLLK  |b KIS3GCP 
999 |c 1745708  |d 1747638